[Event "DVM U20 2007"]
[Site "Kelheim GER"]
[Date "2007.12.27"]
[Round "1"]
[White "Krege, Sandra"]
[Black "Huschenbeth, Niclas"]
[Result "0-1"]
[Termination "normal"]
[Board "1.1"]
[WhiteElo "2107"]
[BlackElo "2318"]
[WhiteTeam "SF Hettstedt"]
[BlackTeam "Hamburger SK"]
[PlyCount "70"]
[WhiteFideId "4680910"]
[BlackFideId "24604747"]
[EventCountry "GER"]
[EventRounds "7"]
[EventType "team-swiss"]
[EventDate "2007.12.26"]

1. e4 e5 2. Nf3 Nc6 3. d4 exd4 4. Nxd4 Bc5 5. Nxc6 Qf6 6. Qd2 dxc6 7. Qf4 Qe7
8. Bd3 Bd6 9. Qg5 Nf6 10. Nc3 h6 11. Qd2 g5 12. Qe2 Bd7 13. Bd2 O-O-O 14. O-O-O
Rhe8 15. Rde1 Be5 16. g3 g4 17. Qe3 c5 18. Qxh6 c6 19. a4 Be6 20. Qg5 Qc7 21.
Bf4 Nd7 22. Bxe5 Nxe5 23. Be2 Rd4 24. h4 gxh3 25. f4 Nd7 26. Bg4 Qa5 27. Bxe6
fxe6 28. Rxh3 Rxa4 29. Reh1 Ra1+ 30. Kd2 Rd8 31. Rh8 Rxh1 32. Rxh1 Qb4 33. Kc1
Nb6 34. Qe7 Nc4 35. Nd1 Rxd1+ 0-1

[Event "DVM U20 2007"]
[Site "Kelheim GER"]
[Date "2007.12.27"]
[Round "1"]
[White "Bracker, Frank"]
[Black "Hofmann, Annett"]
[Result "1-0"]
[Termination "normal"]
[Board "1.2"]
[WhiteElo "2214"]
[BlackElo "1973"]
[WhiteTeam "Hamburger SK"]
[BlackTeam "SF Hettstedt"]
[PlyCount "53"]
[WhiteFideId "24614343"]
[BlackFideId "24603759"]
[EventCountry "GER"]
[EventRounds "7"]
[EventType "team-swiss"]
[EventDate "2007.12.26"]

1. e4 c5 2. Nf3 d6 3. d4 cxd4 4. Nxd4 Nf6 5. Nc3 a6 6. Bg5 e6 7. f4 Be7 8. Qf3
Qc7 9. O-O-O Nc6 10. Nb3 b5 11. Bd3 Bb7 12. Qh3 b4 13. Ne2 Na5 14. Bxf6 Nxb3+
15. Kb1 Nd2+ 16. Rxd2 Bxf6 17. Rdd1 Bc6 18. g4 a5 19. g5 Be7 20. f5 Bxg5 21.
fxe6 f6 22. Nd4 O-O-O 23. e7+ Rd7 24. Bb5 Bxe4 25. Rhe1 d5 26. Qe6 Qd6 27.
e8=Q+ 1-0

[Event "DVM U20 2007"]
[Site "Kelheim GER"]
[Date "2007.12.27"]
[Round "1"]
[White "Friedrich, Kai"]
[Black "Möller, Hendrik"]
[Result "1/2-1/2"]
[Termination "normal"]
[Board "1.3"]
[WhiteElo "1898"]
[BlackElo "2180"]
[WhiteTeam "SF Hettstedt"]
[BlackTeam "Hamburger SK"]
[PlyCount "123"]
[WhiteFideId "24609820"]
[BlackFideId "24604917"]
[EventCountry "GER"]
[EventRounds "7"]
[EventType "team-swiss"]
[EventDate "2007.12.26"]

1. e4 e5 2. Nc3 Nf6 3. d3 Nc6 4. f4 d6 5. Nf3 Be7 6. Be2 Bg4 7. O-O Bxf3 8.
Bxf3 Qd7 9. a3 Nd4 10. Be3 Nxf3+ 11. Qxf3 Qg4 12. h3 Qxf3 13. Rxf3 c6 14. Raf1
O-O 15. Ne2 Nd7 16. Ng3 Bf6 17. Nh5 Bh4 18. f5 g6 19. Ng3 Kg7 20. Ne2 Bd8 21.
g4 f6 22. h4 Bb6 23. Bxb6 axb6 24. Kf2 Nc5 25. Ke3 d5 26. exd5 cxd5 27. g5 e4
28. dxe4 Rae8 29. gxf6+ Rxf6 30. fxg6 Rxf3+ 31. Rxf3 Rxe4+ 32. Kd2 Rxh4 33.
gxh7 Rxh7 34. b4 Ne4+ 35. Kd3 Rh1 36. Nc3 Nf6 37. Kd4 Rc1 38. Nxd5 Nxd5 39.
Kxd5 Rxc2 40. Kd4 Rc6 41. Rc3 Kf6 42. Rh3 Ke7 43. Rh7+ Kd8 44. Rxb7 Kc8 45. Rh7
Rc1 46. Rh3 Kb7 47. a4 Ra1 48. Kc4 Ka6 49. Rh8 Rc1+ 50. Kb3 Rb1+ 51. Kc3 Rc1+
52. Kb2 Rg1 53. Rc8 Rg2+ 54. Kb3 Rg3+ 55. Rc3 Rg4 56. Rd3 Rh4 57. Kc3 Rg4 58.
Rd4 Rg5 59. Kc4 Rh5 60. Rd7 Rh4+ 61. Rd4 Rh5 62. Rd7 1/2-1/2

[Event "DVM U20 2007"]
[Site "Kelheim GER"]
[Date "2007.12.27"]
[Round "1"]
[White "Bracker, Arne"]
[Black "Kunth, Tobias"]
[Result "1-0"]
[Termination "normal"]
[Board "1.4"]
[WhiteElo "2136"]
[BlackElo "2087"]
[WhiteTeam "Hamburger SK"]
[BlackTeam "SF Hettstedt"]
[PlyCount "37"]
[WhiteFideId "24618160"]
[BlackFideId "24637319"]
[EventCountry "GER"]
[EventRounds "7"]
[EventType "team-swiss"]
[EventDate "2007.12.26"]

1. e4 c6 2. d4 d5 3. Nc3 dxe4 4. Nxe4 Nf6 5. Nxf6+ gxf6 6. c3 Bf5 7. Ne2 e6 8.
Ng3 Bg6 9. h4 h6 10. Bc4 Nd7 11. Qf3 Qb6 12. h5 Bh7 13. O-O O-O-O 14. b4 Bxb4
15. cxb4 Qxd4 16. Qb3 Ne5 17. Be2 Bc2 18. Qxc2 Qxa1 19. Be3 1-0

[Event "DVM U20 2007"]
[Site "Kelheim GER"]
[Date "2007.12.27"]
[Round "1"]
[White "Kaczmarek, Felix"]
[Black "Held, Florian"]
[Result "1/2-1/2"]
[Termination "normal"]
[Board "1.5"]
[WhiteElo "1814"]
[BlackElo "2051"]
[WhiteTeam "SF Hettstedt"]
[BlackTeam "Hamburger SK"]
[PlyCount "66"]
[WhiteFideId "24659444"]
[BlackFideId "24629090"]
[EventCountry "GER"]
[EventRounds "7"]
[EventType "team-swiss"]
[EventDate "2007.12.26"]

1. c4 Nf6 2. Nc3 g6 3. g3 Bg7 4. Bg2 O-O 5. e4 d6 6. d3 c5 7. Nge2 Nc6 8. O-O
Rb8 9. h3 a6 10. a4 Ne8 11. Kh2 Nc7 12. f4 e6 13. Rb1 Bd7 14. Be3 Nd4 15. b4 b5
16. bxc5 dxc5 17. axb5 axb5 18. cxb5 Bxb5 19. Nxb5 Ncxb5 20. e5 Qd7 21. Rc1
Rfc8 22. Be4 Bf8 23. g4 Nxe2 24. Qxe2 Nd4 25. Qg2 Bg7 26. h4 Qe7 27. Kh3 Rb4
28. h5 gxh5 29. gxh5 Kh8 30. Rg1 f5 31. exf6 Bxf6 32. Qg4 Rbb8 33. h6 Re8
1/2-1/2

[Event "DVM U20 2007"]
[Site "Kelheim GER"]
[Date "2007.12.27"]
[Round "1"]
[White "Wiese, Phil"]
[Black "Friedrich, Jan"]
[Result "1-0"]
[Termination "normal"]
[Board "1.6"]
[WhiteElo "1957"]
[BlackElo "1507"]
[WhiteTeam "Hamburger SK"]
[BlackTeam "SF Hettstedt"]
[PlyCount "69"]
[WhiteFideId "24634050"]
[BlackFideId "24659452"]
[EventCountry "GER"]
[EventRounds "7"]
[EventType "team-swiss"]
[EventDate "2007.12.26"]

1. e4 e6 2. d4 d5 3. Nc3 c5 4. exd5 exd5 5. Nf3 Nf6 6. Bg5 Be6 7. Bb5+ Nc6 8.
O-O a6 9. Bxc6+ bxc6 10. Re1 Be7 11. dxc5 Bxc5 12. Na4 Be7 13. Nd4 Qd6 14. g3
O-O 15. Bf4 Qb4 16. c3 Qb7 17. Nxe6 fxe6 18. Rxe6 Ne4 19. f3 Kf7 20. Rxe7+ Qxe7
21. fxe4 Qxe4 22. Nc5 Qe7 23. Nd3 Kg8 24. Qe1 Qf6 25. Qe5 Qg6 26. Qd4 Rae8 27.
Ne5 Qc2 28. b4 Rf5 29. Qd3 Qxd3 30. Nxd3 g5 31. Bd2 Re2 32. Rd1 Rf3 33. Bxg5
Rxa2 34. Bf4 Ra3 35. Kg2 1-0

[Event "DVM U20 2007"]
[Site "Kelheim GER"]
[Date "2007.12.27"]
[Round "1"]
[White "Werthebach, Felix"]
[Black "Fuhrmann, Max"]
[Result "1-0"]
[Termination "normal"]
[Board "2.1"]
[WhiteElo "2164"]
[BlackElo "2049"]
[WhiteTeam "SG Bochum"]
[BlackTeam "SK Kelheim"]
[PlyCount "43"]
[WhiteFideId "24609684"]
[BlackFideId "24620114"]
[EventCountry "GER"]
[EventRounds "7"]
[EventType "team-swiss"]
[EventDate "2007.12.26"]

1. c4 c6 2. Qa4 e6 3. g3 d5 4. Bg2 Nf6 5. Nf3 Nbd7 6. d3 Bd6 7. O-O O-O 8. b4
Ne5 9. Bb2 Nxf3+ 10. Bxf3 Bd7 11. c5 Bc7 12. Qc2 Qe7 13. Nd2 Rfe8 14. e4 dxe4
15. dxe4 e5 16. Rfd1 Be6 17. Nc4 Nd7 18. Nd6 Bxd6 19. Rxd6 f6 20. Be2 Rad8 21.
Rxe6 Qxe6 22. Bc4 1-0

[Event "DVM U20 2007"]
[Site "Kelheim GER"]
[Date "2007.12.27"]
[Round "1"]
[White "Mazarov, Jürgen"]
[Black "Grafl, Pascal"]
[Result "1-0"]
[Termination "normal"]
[Board "2.3"]
[WhiteElo "2094"]
[BlackElo "1937"]
[WhiteTeam "SG Bochum"]
[BlackTeam "SK Kelheim"]
[PlyCount "61"]
[WhiteFideId "24617768"]
[BlackFideId "24634727"]
[EventCountry "GER"]
[EventRounds "7"]
[EventType "team-swiss"]
[EventDate "2007.12.26"]

1. e4 Nf6 2. e5 Nd5 3. d4 d6 4. c4 Nb6 5. exd6 exd6 6. h3 Be7 7. Nf3 O-O 8. Be2
Nc6 9. O-O Bf5 10. Nc3 Bf6 11. b3 Re8 12. Be3 Bg6 13. Qd2 h6 14. Rad1 d5 15. c5
Nc8 16. Ne1 N8e7 17. g4 b6 18. cxb6 cxb6 19. f4 Nc8 20. Bb5 Qd7 21. Nf3 a6 22.
Bxc6 Qxc6 23. Ne5 Qb7 24. Qg2 Be4 25. Nxe4 dxe4 26. h4 Bxh4 27. g5 f6 28. Ng6
hxg5 29. fxg5 Bxg5 30. Bxg5 fxg5 31. Qh3 1-0

[Event "DVM U20 2007"]
[Site "Kelheim GER"]
[Date "2007.12.27"]
[Round "1"]
[White "Singer, Michael"]
[Black "Hobusch, Alexander"]
[Result "0-1"]
[Termination "normal"]
[Board "2.4"]
[WhiteElo "1773"]
[BlackElo "2011"]
[WhiteTeam "SK Kelheim"]
[BlackTeam "SG Bochum"]
[PlyCount "72"]
[WhiteFideId "24652075"]
[BlackFideId "24611387"]
[EventCountry "GER"]
[EventRounds "7"]
[EventType "team-swiss"]
[EventDate "2007.12.26"]

1. c4 e5 2. g3 Nc6 3. Bg2 f5 4. Nc3 Nf6 5. d3 Bb4 6. Bd2 d6 7. a3 Bxc3 8. Bxc3
O-O 9. Nf3 Qe8 10. e3 f4 11. Qd2 Qh5 12. O-O-O Bg4 13. Qe2 e4 14. dxe4 Nxe4 15.
Rd5 Nxc3 16. bxc3 Ne5 17. exf4 Bxf3 18. Bxf3 Qxf3 19. Qxf3 Nxf3 20. Rd3 Nh4 21.
gxh4 Rxf4 22. c5 dxc5 23. Rd7 Rf7 24. Rd5 b6 25. Rf1 Raf8 26. f4 Rxf4 27. Rxf4
Rxf4 28. Rd7 Rxh4 29. Rxc7 Rxh2 30. Rxa7 g5 31. Rb7 Rh6 32. Rd7 Re6 33. Kd2 g4
34. Rd3 h5 35. Rg3 Kf7 36. Kd3 Kf6 0-1

[Event "DVM U20 2007"]
[Site "Kelheim GER"]
[Date "2007.12.27"]
[Round "1"]
[White "Zeldin, Leonid"]
[Black "Bräutigam, Markus"]
[Result "1-0"]
[Termination "normal"]
[Board "2.5"]
[WhiteElo "2044"]
[BlackElo "1651"]
[WhiteTeam "SG Bochum"]
[BlackTeam "SK Kelheim"]
[PlyCount "91"]
[WhiteFideId "24636088"]
[BlackFideId "24620076"]
[EventCountry "GER"]
[EventRounds "7"]
[EventType "team-swiss"]
[EventDate "2007.12.26"]

1. e4 c5 2. Nf3 Nc6 3. d4 cxd4 4. Nxd4 Nf6 5. Nc3 e5 6. Ndb5 d6 7. Bg5 a6 8.
Na3 b5 9. Nd5 Be7 10. Bxf6 Bxf6 11. Bd3 O-O 12. O-O Bg5 13. c3 Be6 14. Bb1 Ne7
15. Nxe7+ Qxe7 16. Nc2 f5 17. exf5 Bc4 18. Re1 Rxf5 19. Ne3 Rxf2 20. Kxf2 Rf8+
21. Kg1 Qa7 22. Bxh7+ Kxh7 23. Qh5+ Bh6 24. Qh3 Kg8 25. b3 Bf7 26. Kh1 Bxe3 27.
Rxe3 Qe7 28. Rf3 Rd8 29. Re1 Bd5 30. Rg3 Rf8 31. Qg4 Qf6 32. h4 Bb7 33. Kh2 Rf7
34. Rd1 d5 35. Qg5 Qd6 36. Rd2 e4 37. Rf2 Qc7 38. Rxf7 Qxf7 39. h5 Kh7 40. Qg6+
Qxg6 41. Rxg6 Bc8 42. Kg3 b4 43. cxb4 d4 44. Rd6 d3 45. Kf4 Bb7 46. Ke3 1-0

[Event "DVM U20 2007"]
[Site "Kelheim GER"]
[Date "2007.12.27"]
[Round "1"]
[White "Schiller, Stefan"]
[Black "Orhan, Zilan"]
[Result "1/2-1/2"]
[Termination "normal"]
[Board "2.6"]
[WhiteElo "1732"]
[BlackElo "1955"]
[WhiteTeam "SK Kelheim"]
[BlackTeam "SG Bochum"]
[PlyCount "118"]
[BlackFideId "24624640"]
[EventCountry "GER"]
[EventRounds "7"]
[EventType "team-swiss"]
[EventDate "2007.12.26"]

1. e4 d5 2. exd5 Qxd5 3. Nc3 Qa5 4. d4 Nf6 5. Bc4 Bf5 6. Nge2 e6 7. Bd2 c6 8.
Nd5 Qd8 9. Nxf6+ gxf6 10. c3 Bd6 11. Ng3 Bg6 12. O-O Qc7 13. Qe2 Nd7 14. d5
cxd5 15. Bxd5 O-O 16. Bb3 Rad8 17. Rad1 Kh8 18. Kh1 Nc5 19. Bh6 Rfe8 20. Bc2
Bf4 21. Bxf4 Qxf4 22. Bxg6 hxg6 23. Qb5 b6 24. Rd4 Qb8 25. Rh4+ Kg7 26. b4 Nd7
27. Rd1 Ne5 28. Rdd4 Rxd4 29. cxd4 a6 30. Qxa6 Nd7 31. Qb5 Qc7 32. h3 Rd8 33.
a4 Qc1+ 34. Kh2 Qe1 35. Rf4 Qd2 36. Rf3 e5 37. Rd3 Qxf2 38. dxe5 Nxe5 39. Ra3
Ng4+ 40. hxg4 Rh8+ 41. Nh5+ gxh5 42. g5 Qf4+ 43. g3 Qd2+ 44. Kh3 fxg5 45. Qe5+
f6 46. Qe7+ Kg6 47. Qe4+ Kh6 48. g4 Rc8 49. Qf3 hxg4+ 50. Qxg4 Rc3+ 51. Rxc3
Qxc3+ 52. Kg2 Qc2+ 53. Kg3 f5 54. Qh3+ Kg6 55. Qh8 Qd3+ 56. Kf2 Qd2+ 57. Kg1
Qe1+ 58. Kg2 Qe2+ 59. Kg1 Qe1+ 1/2-1/2

[Event "DVM U20 2007"]
[Site "Kelheim GER"]
[Date "2007.12.27"]
[Round "1"]
[White "Siebarth, Raiko"]
[Black "Strache, Michael"]
[Result "1/2-1/2"]
[Termination "normal"]
[Board "3.1"]
[WhiteElo "2246"]
[BlackElo "2144"]
[WhiteTeam "SG Blau-Weiß Stadtilm"]
[BlackTeam "SV Sangerhausen"]
[PlyCount "91"]
[WhiteFideId "4674766"]
[BlackFideId "4693183"]
[EventCountry "GER"]
[EventRounds "7"]
[EventType "team-swiss"]
[EventDate "2007.12.26"]

1. Nc3 c5 2. e4 a6 3. a4 d6 4. Bc4 Nf6 5. d3 e6 6. Bg5 h6 7. Bh4 Be7 8. Bb3 Nc6
9. Nge2 Rb8 10. O-O b5 11. axb5 axb5 12. Kh1 Na5 13. Ba2 b4 14. Nb1 b3 15. Bxb3
Nxb3 16. cxb3 Qb6 17. Nd2 Qb7 18. Nc3 g5 19. Bg3 e5 20. Ra3 Be6 21. Qa1 Kf8 22.
Nc4 h5 23. f3 h4 24. Bf2 Nh5 25. Ne2 Qc8 26. Ra6 g4 27. Nxd6 Qc7 28. Rc1 c4 29.
Nxc4 g3 30. Be3 h3 31. hxg3 Bxc4 32. Rxc4 Qd7 33. Rh6 Kg7 34. Rxh8 Rxh8 35. Qe1
Qxd3 36. Rc3 Qd7 37. g4 Nf6 38. Ng3 Bb4 39. Nf5+ Kg8 40. gxh3 Bxc3 41. Qxc3
Rxh3+ 42. Kg2 Rxf3 43. Qxe5 Qd1 44. Qb8+ Kh7 45. Qh2+ Kg8 46. Qb8+ 1/2-1/2

[Event "DVM U20 2007"]
[Site "Kelheim GER"]
[Date "2007.12.27"]
[Round "1"]
[White "Hillmann, Michael"]
[Black "Schneider, Christian"]
[Result "0-1"]
[Termination "normal"]
[Board "3.2"]
[WhiteElo "2088"]
[BlackElo "2064"]
[WhiteTeam "SV Sangerhausen"]
[BlackTeam "SG Blau-Weiß Stadtilm"]
[PlyCount "84"]
[WhiteFideId "24609889"]
[BlackFideId "24613886"]
[EventCountry "GER"]
[EventRounds "7"]
[EventType "team-swiss"]
[EventDate "2007.12.26"]

1. d4 d5 2. Nf3 Nf6 3. c4 e6 4. Nc3 Be7 5. e3 O-O 6. Bd3 a6 7. b3 Nbd7 8. O-O
c6 9. Bb2 Bd6 10. e4 dxc4 11. Bxc4 e5 12. Qc2 Qc7 13. dxe5 Nxe5 14. Nxe5 Bxe5
15. g3 Bh3 16. Rfe1 Rad8 17. Bf1 Bxf1 18. Kxf1 Qd7 19. Kg2 Qd2 20. Rac1 Rfe8
21. Qb1 Bd4 22. Re2 Qh6 23. h3 Qg6 24. Rce1 Nh5 25. Kh1 Qf6 26. Nd1 Qf3+ 27.
Kh2 Bxf2 28. Nxf2 Qxg3+ 29. Kh1 Qf3+ 30. Kh2 Nf4 31. Rg1 Nxe2 32. Rxg7+ Kf8 33.
Qe1 Qf4+ 34. Kg2 Nd4 35. Rg4 Qf3+ 36. Kh2 Ne6 37. Ba3+ c5 38. Rg3 Qf4 39. Qg1
Rd2 40. Kg2 Qxe4+ 41. Kh2 Qf4 42. Kg2 Rxa2 0-1

[Event "DVM U20 2007"]
[Site "Kelheim GER"]
[Date "2007.12.27"]
[Round "1"]
[White "Hoffmann, Lena"]
[Black "Lieder, Konrad"]
[Result "0-1"]
[Termination "normal"]
[Board "3.3"]
[WhiteElo "1876"]
[BlackElo "2123"]
[WhiteTeam "SG Blau-Weiß Stadtilm"]
[BlackTeam "SV Sangerhausen"]
[PlyCount "56"]
[WhiteFideId "24626597"]
[BlackFideId "4692721"]
[EventCountry "GER"]
[EventRounds "7"]
[EventType "team-swiss"]
[EventDate "2007.12.26"]

1. Nc3 d5 2. e4 dxe4 3. Nxe4 Nf6 4. Nxf6+ exf6 5. d4 Be7 6. Bc4 O-O 7. Ne2 Bg4
8. f3 Bf5 9. c3 c5 10. Qb3 Qc8 11. Be3 Nd7 12. g4 Bg6 13. Nf4 cxd4 14. Nxg6
hxg6 15. cxd4 Nb6 16. Bd3 f5 17. gxf5 gxf5 18. Kd2 Qd7 19. a3 Nd5 20. Rhg1 Nxe3
21. Kxe3 Bf6 22. d5 Rfe8+ 23. Kd2 Qd6 24. Rgf1 Qxh2+ 25. Kc1 Re3 26. Qc2 Qe5
27. Bxf5 Re2 28. Bh7+ Kh8 0-1

[Event "DVM U20 2007"]
[Site "Kelheim GER"]
[Date "2007.12.27"]
[Round "1"]
[White "Günther, Christian"]
[Black "Berner, Stephan"]
[Result "1-0"]
[Termination "normal"]
[Board "3.4"]
[WhiteElo "2075"]
[BlackElo "1912"]
[WhiteTeam "SV Sangerhausen"]
[BlackTeam "SG Blau-Weiß Stadtilm"]
[PlyCount "163"]
[WhiteFideId "24659380"]
[BlackFideId "24613126"]
[EventCountry "GER"]
[EventRounds "7"]
[EventType "team-swiss"]
[EventDate "2007.12.26"]

1. d4 d5 2. c4 e6 3. Nc3 Nf6 4. Nf3 Be7 5. Bg5 O-O 6. e3 c6 7. Bd3 Nbd7 8. O-O
dxc4 9. Bxc4 Nd5 10. Bxe7 Qxe7 11. e4 Nxc3 12. bxc3 b6 13. a4 Bb7 14. a5 b5 15.
a6 Bc8 16. Bd3 Nb8 17. d5 exd5 18. exd5 cxd5 19. Bxb5 Qc5 20. Qd3 Nd7 21. Ra4
Nf6 22. Rf4 Qd6 23. Rd4 Qc5 24. Ne5 Be6 25. Bc6 Rac8 26. Bb7 Rc7 27. Rc1 Qa3
28. Qe3 Re8 29. Rdd1 Bc8 30. Bxc8 Rcxc8 31. Qd4 Qxa6 32. Ra1 Qe2 33. Nf3 Qb2
34. Qxa7 Qxc3 35. Nd4 Rc7 36. Qa6 Rce7 37. h3 h6 38. Nf3 Re4 39. Ra3 Qc5 40.
Ra2 Qb4 41. Rad2 Qb8 42. g3 Qb3 43. Kg2 Qc3 44. Rd3 Qc7 45. Nd4 R4e7 46. Rf3
Qc8 47. Qa1 Re5 48. Rc1 Qd7 49. Qa5 Rh5 50. h4 Qg4 51. Rf4 Qd7 52. Rc7 Qd8 53.
Qa7 Rf8 54. Re7 Qa8 55. Qc7 Qd8 56. Qa7 Qa8 57. Qc5 Rc8 58. Qb5 Qb8 59. Rb7 Qd6
60. Nf5 Rxf5 61. Rxf5 Qe6 62. Rf3 Qc6 63. Qxc6 Rxc6 64. Rb8+ Kh7 65. Rd8 Rc2
66. Rf4 Kg6 67. g4 Rd2 68. Kg3 Rd3+ 69. Rf3 Ne4+ 70. Kf4 Rxf3+ 71. Kxf3 Kf6 72.
Rxd5 Nc3 73. Rc5 Na4 74. Rc4 Nb2 75. Rd4 Ke5 76. Ke3 f6 77. f4+ Ke6 78. Kd2 f5
79. g5 hxg5 80. hxg5 Kf7 81. Kc3 Nd1+ 82. Rxd1 1-0

[Event "DVM U20 2007"]
[Site "Kelheim GER"]
[Date "2007.12.27"]
[Round "1"]
[White "Kinzel, Tiffany"]
[Black "Richter, Dustin"]
[Result "0-1"]
[Termination "normal"]
[Board "3.5"]
[WhiteElo "1727"]
[BlackElo "1886"]
[WhiteTeam "SG Blau-Weiß Stadtilm"]
[BlackTeam "SV Sangerhausen"]
[PlyCount "116"]
[WhiteFideId "4633741"]
[BlackFideId "4649001"]
[EventCountry "GER"]
[EventRounds "7"]
[EventType "team-swiss"]
[EventDate "2007.12.26"]

1. Nc3 c5 2. e4 g6 3. f4 Bg7 4. Bc4 e6 5. Nf3 Ne7 6. O-O O-O 7. d3 d5 8. Bb3 a6
9. a4 Nbc6 10. Qe1 Nd4 11. Nxd4 cxd4 12. Ne2 dxe4 13. dxe4 Nc6 14. Kh1 d3 15.
cxd3 Qxd3 16. Nc3 Nd4 17. Qd1 Qxd1 18. Bxd1 Bd7 19. Be3 Bc6 20. e5 Rfd8 21. Ne2
Nf5 22. Bb6 Rd2 23. b3 Bh6 24. Kg1 Nh4 25. g3 Nf3+ 26. Kf2 Nxh2 27. Rg1 Bf8 28.
Ke3 Bb4 29. Nd4 Bg2 30. Be2 Rc8 31. Rxg2 Ng4+ 32. Kf3 h5 33. Rgg1 Rc3+ 34. Kg2
Ne3+ 35. Kh1 Nc2 36. Rad1 Rxd1 37. Bxd1 Ne3 38. Bf3 Rd3 39. Bxb7 Ng4 40. Ne2 a5
41. Nd4 Rd2 42. Rg2 Rd1+ 43. Rg1 Rd2 44. Nf3 Rb2 45. Rc1 Rxb3 46. Rc2 Bf8 47.
Bxa5 Rb1+ 48. Ne1 Rxb7 49. Bd2 Ra7 50. Ra2 Nf2+ 51. Kg2 Ne4 52. Be3 Ra6 53. a5
Kg7 54. Nd3 Nc3 55. Ra3 Nd5 56. Ra4 Nxe3+ 57. Kf3 Nd5 58. Nb2 Bb4 0-1

[Event "DVM U20 2007"]
[Site "Kelheim GER"]
[Date "2007.12.27"]
[Round "1"]
[White "Wölfer, Jan"]
[Black "Wolff, Christoph"]
[Result "1-0"]
[Termination "normal"]
[Board "3.6"]
[WhiteElo "1803"]
[BlackElo "1665"]
[WhiteTeam "SV Sangerhausen"]
[BlackTeam "SG Blau-Weiß Stadtilm"]
[PlyCount "61"]
[WhiteFideId "24659398"]
[BlackFideId "24659495"]
[EventCountry "GER"]
[EventRounds "7"]
[EventType "team-swiss"]
[EventDate "2007.12.26"]

1. e4 c5 2. Nf3 d6 3. d4 cxd4 4. Nxd4 Nf6 5. Nc3 a6 6. Be2 e5 7. Nb3 Be7 8. Be3
O-O 9. O-O Qc7 10. f3 Be6 11. Nd5 Bxd5 12. exd5 Nbd7 13. c4 Rab8 14. Rc1 Nc5
15. Nxc5 dxc5 16. Qc2 Bd6 17. Bg5 Nd7 18. Qf5 g6 19. Qh3 f6 20. Bh6 Rfe8 21.
Bd3 b5 22. b3 bxc4 23. Rxc4 Nb6 24. Rg4 Qf7 25. Qh5 e4 26. Bxe4 f5 27. Bxf5 Re5
28. Bxg6 hxg6 29. Rxg6+ Kh8 30. Bg7+ Kg8 31. Qh8# 1-0

[Event "DVM U20 2007"]
[Site "Kelheim GER"]
[Date "2007.12.27"]
[Round "1"]
[White "Dittmann, Moritz"]
[Black "Nuber, Korbinian"]
[Result "0-1"]
[Termination "normal"]
[Board "4.2"]
[WhiteElo "2084"]
[BlackElo "2133"]
[WhiteTeam "SV Hofheim"]
[BlackTeam "SC Dillingen"]
[PlyCount "72"]
[WhiteFideId "24647039"]
[BlackFideId "24607231"]
[EventCountry "GER"]
[EventRounds "7"]
[EventType "team-swiss"]
[EventDate "2007.12.26"]

1. e4 Nf6 2. Nc3 d5 3. e5 d4 4. exf6 dxc3 5. fxg7 cxd2+ 6. Qxd2 Qxd2+ 7. Bxd2
Bxg7 8. O-O-O Bf5 9. Ne2 Nd7 10. Ng3 Bg6 11. Be2 O-O-O 12. Rhe1 h5 13. Bc4 Ne5
14. Bb3 h4 15. Nf1 h3 16. g4 Nxg4 17. Rxe7 Nxf2 18. Rde1 Bf6 19. R7e3 Bh4 20.
Rf3 Ne4 21. Ree3 Nxd2 22. Nxd2 Bg5 23. Rd3 Bxd3 24. cxd3 Bxd2+ 25. Kxd2 Rdg8
26. Rf2 Rg2 27. Ke3 Rxf2 28. Kxf2 Rg8 29. Bd5 c6 30. Be4 Kc7 31. Ke3 Kd6 32. b3
Rg5 33. a3 b6 34. b4 c5 35. b5 Ke5 36. Bf3 f5 0-1

[Event "DVM U20 2007"]
[Site "Kelheim GER"]
[Date "2007.12.27"]
[Round "1"]
[White "Nuber, Blasius"]
[Black "Dapprich, Maximilian"]
[Result "0-1"]
[Termination "normal"]
[Board "4.3"]
[WhiteElo "2055"]
[BlackElo "1922"]
[WhiteTeam "SC Dillingen"]
[BlackTeam "SV Hofheim"]
[PlyCount "78"]
[WhiteFideId "24620289"]
[BlackFideId "24666041"]
[EventCountry "GER"]
[EventRounds "7"]
[EventType "team-swiss"]
[EventDate "2007.12.26"]

1. e4 e5 2. Nf3 Nc6 3. d4 exd4 4. Nxd4 Qf6 5. Be3 Bc5 6. c3 Nge7 7. Bc4 Ne5 8.
Be2 Qg6 9. O-O d6 10. Nd2 Bh3 11. Bf3 O-O 12. b4 Bb6 13. Nc2 f5 14. Bxb6 axb6
15. Kh1 Nxf3 16. Qxf3 Bg4 17. Qd3 fxe4 18. Qc4+ Rf7 19. Ne3 Nc6 20. Nxg4 Qxg4
21. f3 Qd7 22. Qxe4 Re7 23. Qd3 Ne5 24. Qd5+ Kh8 25. Qxb7 Ra3 26. Ne4 h6 27.
Qd5 b5 28. Rfd1 Nc4 29. Qb7 Qe8 30. Qd5 Ne3 31. Qd2 Nxd1 32. Rxd1 Qf7 33. Qd3
Re5 34. Ra1 Rxa2 35. Rxa2 Qxa2 36. h3 Qc4 37. Qc2 d5 38. Nc5 Re1+ 39. Kh2 Qf4+
0-1

[Event "DVM U20 2007"]
[Site "Kelheim GER"]
[Date "2007.12.27"]
[Round "1"]
[White "Giss, Arthur"]
[Black "Sohl, Thies"]
[Result "1/2-1/2"]
[Termination "normal"]
[Board "4.5"]
[WhiteElo "1974"]
[BlackElo "1658"]
[WhiteTeam "SC Dillingen"]
[BlackTeam "SV Hofheim"]
[PlyCount "62"]
[WhiteFideId "24667560"]
[EventCountry "GER"]
[EventRounds "7"]
[EventType "team-swiss"]
[EventDate "2007.12.26"]

1. e4 e6 2. d4 d5 3. Nd2 c5 4. exd5 exd5 5. Bb5+ Bd7 6. Bxd7+ Nxd7 7. Ne2 Ngf6
8. O-O Bd6 9. Nf3 O-O 10. c3 Re8 11. dxc5 Bxc5 12. Ned4 Qb6 13. Qb3 Ne5 14.
Qxb6 Bxb6 15. Bg5 Ne4 16. Nxe5 Nxg5 17. Rfe1 Ne4 18. Nef3 g6 19. Re2 Re7 20.
Rae1 Rae8 21. h3 Kf8 22. Re3 Nc5 23. Ne5 Ne4 24. Nd3 Nd6 25. Nf4 Rxe3 26. Rxe3
Rxe3 27. fxe3 Nc4 28. Nxd5 Nxb2 29. Nxb6 axb6 30. Nb5 Ke7 31. Kf2 Kd7 1/2-1/2

[Event "DVM U20 2007"]
[Site "Kelheim GER"]
[Date "2007.12.27"]
[Round "1"]
[White "Luo, Xinping"]
[Black "Baldauf, Marco"]
[Result "1-0"]
[Termination "normal"]
[Board "5.1"]
[WhiteElo "1971"]
[BlackElo "2236"]
[WhiteTeam "Heilbronner SV"]
[BlackTeam "SGem Pang/Rosenheim"]
[PlyCount "131"]
[WhiteFideId "4648951"]
[BlackFideId "4688210"]
[EventCountry "GER"]
[EventRounds "7"]
[EventType "team-swiss"]
[EventDate "2007.12.26"]

1. e4 e5 2. Nf3 Nc6 3. Bb5 a6 4. Ba4 Nf6 5. Qe2 b5 6. Bb3 Bc5 7. c3 d6 8. d3 h6
9. Nbd2 O-O 10. Nf1 Be6 11. Ng3 a5 12. Bxe6 fxe6 13. Be3 Bxe3 14. Qxe3 a4 15.
O-O b4 16. c4 Nd7 17. Ne2 Qf6 18. d4 Ra5 19. d5 Ne7 20. Ne1 Nc5 21. Nd3 Nxd3
22. Qxd3 a3 23. b3 Ng6 24. Qd2 Rb8 25. Nc1 Qg5 26. Qxg5 hxg5 27. Nd3 Nf4 28.
Nxf4 exf4 29. f3 Kf7 30. Kf2 Kf6 31. Rad1 exd5 32. exd5 Rh8 33. h3 Re8 34. Rfe1
Raa8 35. Re4 Re5 36. Rxe5 Kxe5 37. Rd2 Rh8 38. Rd1 Rh6 39. Rd2 g4 40. fxg4 Ke4
41. Re2+ Kd3 42. Kf3 g5 43. Re7 Kc2 44. Re2+ Kb1 45. Kf2 Rh8 46. Kf3 Ka1 47.
Kf2 Rc8 48. Kf3 c6 49. dxc6 Rxc6 50. h4 d5 51. cxd5 Rc3+ 52. Ke4 Re3+ 53. Rxe3
fxe3 54. Kxe3 Kxa2 55. d6 Kxb3 56. d7 a2 57. d8=Q a1=Q 58. Qd5+ Kc2 59. Qd3+
Kb2 60. Qd4+ Ka2 61. Qxa1+ Kxa1 62. h5 b3 63. h6 b2 64. h7 b1=Q 65. h8=Q+ Ka2
66. Qa8+ 1-0